|
|
|
|
| LEADER |
02804nam a2200685 a 4500 |
| 001 |
nkc20122393887 |
| 003 |
CZ PrNK |
| 005 |
20181105101507.0 |
| 007 |
ta |
| 008 |
120831s2012 xr a f 001 0 cze |
| 015 |
|
|
|a cnb002393887
|
| 020 |
|
|
|a 978-80-247-3850-5
|q (brož.)
|
| 035 |
|
|
|a (OCoLC)817049290
|
| 040 |
|
|
|a BOA001
|b cze
|
| 041 |
0 |
|
|a cze
|b eng
|
| 043 |
|
|
|a e-xr---
|
| 072 |
|
7 |
|a 316.3
|x Globální společnosti. Sociální struktura. Sociální skupiny
|2 Konspekt
|9 18
|
| 080 |
|
|
|a 612.67
|2 MRF
|
| 080 |
|
|
|a 316.346.32-053.9
|2 MRF
|
| 080 |
|
|
|a 316
|2 MRF
|
| 080 |
|
|
|a 314.116
|2 MRF
|
| 080 |
|
|
|a 316.346.36
|2 MRF
|
| 080 |
|
|
|a 316.728
|2 MRF
|
| 080 |
|
|
|a (437.3)
|2 MRF
|
| 080 |
|
|
|a (048.8)
|2 MRF
|
| 100 |
1 |
|
|a Sak, Petr,
|d 1945-
|7 jn20001031034
|4 aut
|
| 245 |
1 |
0 |
|a Sociologie stáří a seniorů /
|c Petr Sak, Karolína Kolesárová
|
| 250 |
|
|
|a Vyd. 1.
|
| 260 |
|
|
|a Praha :
|b Grada,
|c 2012
|
| 300 |
|
|
|a 225 s. :
|b barev. il. ;
|c 24 cm
|
| 490 |
1 |
|
|a Sociologie
|
| 504 |
|
|
|a Obsahuje bibliografii, bibliografické odkazy a rejstříky
|
| 546 |
|
|
|a Anglické resumé
|
| 650 |
0 |
7 |
|a stáří
|7 ph126204
|x sociologické aspekty
|2 czenas
|
| 650 |
0 |
7 |
|a senioři
|7 ph117267
|x sociologické aspekty
|2 czenas
|
| 650 |
0 |
7 |
|a senioři
|7 ph117267
|z Česko
|2 czenas
|
| 650 |
0 |
7 |
|a stárnutí obyvatelstva
|7 ph137522
|z Česko
|2 czenas
|
| 650 |
0 |
7 |
|a generace
|7 ph200846
|z Česko
|2 czenas
|
| 650 |
0 |
7 |
|a životní styl
|7 ph136586
|z Česko
|2 czenas
|
| 650 |
0 |
9 |
|a old age
|x sociological aspects
|2 eczenas
|
| 650 |
0 |
9 |
|a older people
|x sociological aspects
|2 eczenas
|
| 650 |
0 |
9 |
|a older people
|z Czechia
|2 eczenas
|
| 650 |
0 |
9 |
|a population aging
|z Czechia
|2 eczenas
|
| 650 |
0 |
9 |
|a generations
|z Czechia
|2 eczenas
|
| 650 |
0 |
9 |
|a life style
|z Czechia
|2 eczenas
|
| 653 |
0 |
|
|a sociologie stáří
|a sociologie seniorů
|
| 655 |
|
7 |
|a monografie
|7 fd132842
|2 czenas
|
| 655 |
|
9 |
|a monographs
|2 eczenas
|
| 700 |
1 |
|
|a Kolesárová, Karolína,
|d 1976-
|7 xx0021434
|4 aut
|
| 830 |
|
0 |
|a Sociologie (Grada)
|0 s
|
| 856 |
4 |
1 |
|u https://www.digitalniknihovna.cz/mzk/uuid/uuid:7381b010-3e10-11eb-b577-005056827e52
|y Digitalizovaný dokument
|x NDK
|
| 910 |
2 |
|
|a BOA001
|b 2-1291.296
|
| 990 |
|
|
|a BK
|
| 995 |
|
|
|a 01
|
| 991 |
|
|
|b 201210
|c NOV
|e n
|
| 996 |
6 |
|
|b 2610525093
|c 2-1291.296
|l MZK
|r Sklad / do 1 hodiny
|n 40
|p p.v.
|w 001289532
|u 000010
|a 1
|e BOA001
|j MZK50
|s P
|
| 996 |
7 |
|
|b 2610526615
|c 2-1291.296
|l Vol.výběr
|r VV 0p
|n 31
|p kup
|h 316.3 SAK
|w 001289532
|u 000020
|a 0
|e BOA001
|j MZK50
|s A
|
| 996 |
7 |
|
|b 2610526616
|c 2-1291.296
|l Vol.výběr
|r VV 0p
|n 47
|p kup
|h 316.3 SAK
|w 001289532
|u 000030
|a 0
|e BOA001
|j MZK50
|s A
|
| 996 |
7 |
|
|b 2610759886
|c 2-1291.296
|l Vol.výběr
|r VV 0p
|n 14
|p kup
|h 316.3 SAK
|w 001289532
|u 000040
|a 0
|e BOA001
|j MZK50
|s A
|
| 996 |
7 |
|
|b 2610759887
|c 2-1291.296
|l Vol.výběr
|r VV 0p
|n 19
|p kup
|h 316.3 SAK
|w 001289532
|u 000050
|a 0
|e BOA001
|j MZK50
|s A
|